00774cam a2200205 a 4500020003200000082000800032245001500040250001200055260003100067300002600098500002000124650001400144700002900158856006700187856005900254942000700313999001500320952012700335952010600462 a0471408255 (acidfree paper)00a51500aCalculus / a3rd ed. aNew York :bWiley,cc2002. axvii, 623 p. :bill ; aIncludes index. 0aCalculus.1 aHughes-Hallett, Deborah.42uhttp://www.loc.gov/catdir/description/wiley035/2001272314.html41uhttp://www.loc.gov/catdir/toc/wiley021/2001272314.html cBK c3476d3476 0010708NFICaMLCampusbMLCampuscGENd2016-08-13l4m2o515 HALp004756r2026-04-22 06:44:45s2026-03-26w2016-08-13yBK 001070aMLCampusbMLCampuscGENd2025-01-27l0o515 HALp004755r2025-01-27 12:33:33w2025-01-27yBK